000 01405cam a2200349 a 4500
001 15626650
005 20170105102347.0
008 090217s2009 enka b 001 0 eng
010 _a 2009005785
015 _aGBA957651
_2bnb
016 7 _a015287370
_2Uk
020 _a9780470770658 (cloth)
020 _a0470770651 (cloth)
035 _a(OCoLC)ocn310400178
040 _aDLC
_cDLC
_dBTCTA
_dUKM
_dYDXCP
_dBWKUK
_dBWK
_dCDX
_dBWX
_dDLC
050 0 0 _aTK5103.4885
_b.C35 2009
082 0 0 _a621.3821
_222
100 1 _aCai, Lin,
_d1973-
245 1 0 _aMultimedia services in wireless internet : modeling and analysis
_bmodeling and analysis
_cLin Cai, Xuemin (Sherman) Shen, Jon W. Mark.
260 _aChichester, U.K. :
_bWiley,
_c2009.
300 _axviii, 271 p. :
_bill. ;
_c26 cm.
440 0 _aWiley series on wireless communications and mobile computing
504 _aIncludes bibliographical references and index.
650 0 _aWireless Internet
_xMathematical models.
650 0 _aMultimedia communications
_xSimulation methods.
650 0 _aWireless communication systems
_xQuality control.
700 1 _aShen, X.
_q(Xuemin),
_d1958-
700 1 _aMark, Jon W.
906 _a7
_bcbc
_corignew
_d1
_eecip
_f20
_gy-gencatlg
942 _2ddc
_cBK
999 _c11761
_d11761